000 00481nam a22001697a 4500
999 _c524436
_d524436
003 NUST
005 20190621053022.0
008 190621b ||||| |||| 00| 0 eng d
038 _aMr. Zahoor
082 _a621.3
100 _aAmir Anees
_915254
245 _aDesign of a novei chaotic cryphotographic system based nonlinear dynamics
_cAmir Anees
260 _aIslambad
_bEE NUST
_c2014
300 _a75 p.
600 _2Electrical engineering -MS -Thesis
942 _2ddc
_cTHE